English unlimited: Elementary Teacher's Pack. A2

Gespeichert in:
Bibliographische Detailangaben
Hauptverfasser: Doff, Adrian (VerfasserIn), Lloyd, Mark (VerfasserIn), Thake, Rachel (VerfasserIn), Brabben, Cathy (VerfasserIn)
Format: Buch
Sprache:Englisch
Veröffentlicht: Cambridge University Press 2010
Schlagworte:
Tags: Tag hinzufügen
Keine Tags, Fügen Sie den ersten Tag hinzu!

MARC

LEADER 00000cam a2200000 a 4500
001 UCG8045
003 CL-VaPUC
008 111118e20100000UK |||||||||||||||||eng|d
020 |a 9780521697767 
082 0 4 |a 428  |b DOF  |2 21 
100 0 |a Doff, Adrian  |e author  |9 558569 
700 0 |a Lloyd, Mark  |e author  |9 558570 
700 0 |a Thake, Rachel  |e author  |9 558571 
700 0 |a Brabben, Cathy  |e author  |9 558572 
245 1 0 |a English unlimited: Elementary Teacher's Pack. A2 
300 |a 128 p 
942 |c BK 
945 |d 20111118 00:00:00  |a dcastane 
260 |b Cambridge University Press  |c 2010 
500 |a Incluye DVD con material complementario 
650 0 |a Educación lingüística  |9 306506 
650 0 |a Enseñanza del inglés  |9 367340 
650 0 |a Inglés  |9 260023 
650 0 |a Métodos de enseñanza  |9 270413 
650 7 |a MATERIAL Y EQUIPO DIDACTICOS  |2 CL-VaPUC  |9 309109 
650 7 |a RECURSOS AUDIOVISUALES  |2 CL-VaPUC  |9 558573 
583 |a last modification  |c 20111118 11:09:00  |k Rodrigo Vera 
999 |c 345685  |d 345683 
952 |0 0  |1 0  |4 0  |6 428_000000000000000_DOF_2010  |7 0  |8 ?  |9 445428  |a FDOILP  |b FDOILP  |d 2019-11-22  |i 479897K  |o 428 DOF 2010  |p 479897K  |r 2019-11-22  |w 2019-11-22  |y BK  |k ILP 
952 |0 0  |1 0  |4 0  |6 428_000000000000000_DOF_2010  |7 0  |8 ?  |9 445429  |a FDOILP  |b FDOILP  |d 2019-11-22  |i 4798988  |o 428 DOF 2010  |p 4798988  |r 2019-11-22  |w 2019-11-22  |y BK  |k ILP 
952 |0 0  |1 0  |4 0  |6 428_000000000000000_DOF_2010  |7 0  |8 ?  |9 445430  |a FDOILP  |b FDOILP  |d 2019-11-22  |i 4798996  |o 428 DOF 2010  |p 4798996  |r 2019-11-22  |w 2019-11-22  |y BK  |k ILP 
952 |0 0  |1 0  |4 0  |6 428_000000000000000_DOF_2010  |7 0  |8 ?  |9 445431  |a FDOILP  |b FDOILP  |d 2019-11-22  |i 4840518  |o 428 DOF 2010  |p 4840518  |r 2019-11-22  |w 2019-11-22  |y BK  |k ILP